000
00353nam a2200157Ia 4500
005
20241016032958.0
008
240331s9999 xx 000 0 und d
020
_a
082
_b
AMI
_a
821
100
_a
Amirthanayagam, G
245
0
_a
New Verse
260
_a
Colombo
_b
North End House
_c
1990
300
_a
247 p .,
650
_a
Poems
942
_c
L
999
_c
3336
_d
3336